| Tag |
First Indicator |
Second Indicator |
Subfields |
| LEADER |
00000cam a2200000 a 4500 |
| 001 |
in00001554607 |
| 005 |
20151022063705.0 |
| 008 |
000803s1999 enka b 001 0 eng c |
| 020 |
|
|
|a 0904188612 (pbk.)
|
| 035 |
|
|
|a (OCoLC)ocm44764593
|
| 040 |
|
|
|a GZM
|c GZM
|d TXA
|d UtOrBLW
|
| 042 |
|
|
|a pcc
|
| 049 |
|
|
|a TXAM
|
| 050 |
|
4 |
|a PQ6413.M2
|b T735 1999
|
| 082 |
0 |
4 |
|a 861/.2
|2 21
|
| 100 |
1 |
|
|a Lewis, Sue
|c (Astrologer)
|
| 245 |
1 |
0 |
|a Astrology and Juan de Mena's Laberinto de fortuna /
|c Sue Lewis.
|
| 264 |
|
1 |
|a London :
|b Dept. of Hispanic Studies, Queen Mary and Westfield College,
|c 1999.
|
| 300 |
|
|
|a 78 pages :
|b illustrations ;
|c 23 cm.
|
| 336 |
|
|
|a text
|b txt
|2 rdacontent
|
| 337 |
|
|
|a unmediated
|b n
|2 rdamedia
|
| 338 |
|
|
|a volume
|b nc
|2 rdacarrier
|
| 490 |
1 |
|
|a Papers of the Medieval Hispanic Research Seminar,
|x 1460-051X ;
|v 21
|
| 504 |
|
|
|a Includes bibliographical references (pages [68]-73) and index.
|
| 600 |
1 |
0 |
|a Mena, Juan de,
|d 1411-1456.
|t Trescientas.
|
| 600 |
1 |
0 |
|a Mena, Juan de,
|d 1411-1456
|x Knowledge
|x Astrology.
|
| 650 |
|
0 |
|a Astrology in literature.
|
| 830 |
|
0 |
|a Papers of the Medieval Hispanic Research Seminar.
|x 1460-051X ;
|v 21.
|
| 948 |
|
|
|a cataloged
|b h
|c 2000/11/22
|d c
|e khamn
|f 9:11:41 am
|
| 994 |
|
|
|a E0
|b TXA
|
| 999 |
|
|
|a MARS
|
| 999 |
f |
f |
|s 0117cfb3-75e2-3d1f-a3ef-05d07b6a685a
|i 93db00ff-da06-31e2-8cbd-07bab7b8a206
|t 0
|
| 952 |
f |
f |
|p normal
|a Texas A&M University
|b College Station
|c Sterling C. Evans Library
|d Evans: Library Stacks
|t 0
|e PQ6413.M2 T735 1999
|h Library of Congress classification
|i unmediated -- volume
|m A14826953901
|
| 998 |
f |
f |
|a PQ6413.M2 T735 1999
|t 0
|l Evans: Library Stacks
|